Từ điển kinh tế chính trị học

保存先:
書誌詳細
第一著者: M.I Vôn-Cốp
フォーマット: 不明
言語:English
出版事項: NXB TIẾN BỘ 1987
主題:
タグ: タグ追加
タグなし, このレコードへの初めてのタグを付けませんか!
Thư viện lưu trữ: Mạng thư viện Đại học Đà Nẵng
LEADER 00996ca a2200301 4500
001 000032357
003 8439
005 20151027000000.0
008 151002s1987 vm 000 eng
041 |a eng 
082 |a 495.923  |b VÔ-C 
100 |a M.I Vôn-Cốp 
245 |a Từ điển kinh tế chính trị học  |c M.I Vôn-Cốp 
260 |a NXB TIẾN BỘ  |c 1987 
650 |a Từ điển kinh tế chính trị học, M.I Vôn-Cốp 
852 |b Đọc  |c TỪ ĐIỂN 
OWN |a LNN 
AVA |a UDN50  |b LNN  |d 495.923 VÔ-C  |e available  |t Error 5001 Not defined in file expand_doc_bib_avail.  |f 1  |g 0  |h N  |i 0  |k 1 
999 |a From the UDN01 
AVA |a UDN50  |b LNN  |d 495.923 VÔ-C  |e available  |t Error 5001 Not defined in file expand_doc_bib_avail.  |f 1  |g 0  |h N  |i 0  |k 1 
TYP |a Printed language 
980 |a Mạng thư viện Đại học Đà Nẵng